| 000 | 00764nam a2200253Ia 4500 | ||
|---|---|---|---|
| 003 | OSt | ||
| 005 | 20220918223714.0 | ||
| 006 | a|||||r|||| 00| 0 | ||
| 007 | ta | ||
| 008 | 220917b |||||||| |||| 00| 0 eng d | ||
| 024 | _a224,845 | ||
| 037 | _cTextual | ||
| 040 |
_aARTS _cARTS _beng |
||
| 041 |
_2eng _aeng |
||
| 082 | _aV4:19(zP).P, P4 | ||
| 100 |
_aTan See Seng Ed. _9146468 |
||
| 245 | 0 |
_aAsia - Pacific security cooperation _b National interests and regional order |
|
| 260 |
_aLondon _bM.E. Sharpe _c2004 |
||
| 300 |
_axxxii, 264 _ccm. |
||
| 650 |
_aASIA - HISTORY; WAR _936372 |
||
| 700 |
_a Acharya Amitav Ed. _930151 |
||
| 942 |
_hV4:19(zP).P, P4 _cTEXL _2CC |
||
| 999 |
_c279277 _d279277 |
||